zpět

Detail výsledku týmu

The PUB Praha 6 PO, Praha

Datum a čas kvízu

34 Celkem bodů Celkový počet nahraných bodů na tomto kvízu bez doplňovacích otázek.
3. Pořadí na kvízu Konečné umístění týmu na tomto kvízu.

Zaznamenané odpovědi

# Otázka Odpověď Body Výsledky
2. Který významný den jsme mohli... B 0
3. Středeční přehlídka spodního p... A) v devátém měsíci těhotenství 0
4. Kim Kardashian minulý týden př... Jsou chlupaté. 1
5. Při pokračování kvalifikace fo... D) krysa 0
1. Minulý čtvrtek byl na několik... Metrouš 0
6. Asijská poušť Karakum, uprostř... Turkmenistán 1
7. Uveďte, kterým čtyřpísmenným p... vádí 1
8. Vyberte, se kterým živočichem... B 1
9. Vojáci Československého pěšího... Tobruk 1
10. Britský umělec Gordon Sumner s... Sting 1